Kamusi Kuu ya diplomasia na uhusiano wa kimataifa (Record no. 1491)

000 -LEADER
fixed length control field 00570nam a22001937a 4500
003 - CONTROL NUMBER IDENTIFIER
control field OSt
005 - DATE AND TIME OF LATEST TRANSACTION
control field 20150205095510.0
008 - FIXED-LENGTH DATA ELEMENTS--GENERAL INFORMATION
fixed length control field 150204b xxu||||| |||| 00| 0 eng d
020 ## - INTERNATIONAL STANDARD BOOK NUMBER
International Standard Book Number 9789987531363
050 ## - LIBRARY OF CONGRESS CALL NUMBER
Classification number REF PL 8701.4 .T88 2013
100 ## - MAIN ENTRY--PERSONAL NAME
Personal name
245 ## - TITLE STATEMENT
Title Kamusi Kuu ya diplomasia na uhusiano wa kimataifa
Statement of responsibility, etc
260 ## - PUBLICATION, DISTRIBUTION, ETC. (IMPRINT)
Place of publication, distribution, etc Dar es Salaam
Name of publisher, distributor, etc Baraza la Kiswahili la Taifa
Date of publication, distribution, etc 2013
300 ## - PHYSICAL DESCRIPTION
Extent i,242p.
650 ## - SUBJECT ADDED ENTRY--TOPICAL TERM
Topical term or geographic name as entry element Dictionaries
General subdivision English- Swahili
650 ## - SUBJECT ADDED ENTRY--TOPICAL TERM
Topical term or geographic name as entry element Dictionaries
General subdivision Diplomatic terminoolgies
710 ## - ADDED ENTRY--CORPORATE NAME
Corporate name or jurisdiction name as entry element Baraza la Kiswahili la Taifa
942 ## - ADDED ENTRY ELEMENTS (KOHA)
Source of classification or shelving scheme
Koha item type Reference material
Holdings
Withdrawn status Lost status Source of classification or shelving scheme Damaged status Not for loan Home library Current library Date acquired Total Checkouts Full call number Barcode Date last seen Copy number Price effective from Koha item type
          Riara University Library Riara University Library 05/02/2015   REF PL 8701.4 .T88 2013 5278/15 05/02/2015 C.1 05/02/2015 Reference material

Riara University Library,
P.O. Box 49940-00100,
Nairobi, Kenya.